000 00347nam a2200133Ia 4500
008 220204s9999 xx 000 0 und d
082 _a66(035)
_bKEN
245 0 _aRiegel's handbook of industrial chemistry
250 _aEd.7
260 _aNew York
_bVan Nostrand
_c1974
650 _aIndustrial chemistry
700 _aKent, James A
942 _cBK
999 _c24597
_d24597